| 000 | 00841nas a2200289 4500 | ||
|---|---|---|---|
| 001 | BR0305805 | ||
| 003 | BR-BrBNA | ||
| 005 | 20231205104200.0 | ||
| 007 | ta | ||
| 008 | 230509b bl.|||p| |||| 00| 00por d | ||
| 040 |
_aBR-BrBNA _bpor _cBiblioteca Nacional de Agricultura |
||
| 041 | _a(Pt) | ||
| 072 | _aL02 | ||
| 100 | 1 | _aAvila, V.S. de | |
| 100 | 1 | _aRamos, C.I. | |
| 100 | 1 | _aCoutinho, G.C. | |
| 245 | 1 | _aAvaliação técnica e econômica da terminação de cordeiros em confinamento | |
| 650 | _aCORDEIRO | ||
| 650 | _aCRIAÇÃO INTENSIVA | ||
| 650 | _aCONFINAMENTO | ||
| 650 | _aENGORDA | ||
| 650 | _aNUTRIÇÃO ANIMAL | ||
| 650 | _aCUSTO | ||
| 773 | 0 |
_tAgropecuária Catarinense (Brazil) _xISSN 0103-0779 _g(Jul-2003), v. 16(2) p. 52-58 _wBR0305805 |
|
| 909 |
_a202311 _bLúcia _c55 _dLúcia Elande |
||
| 942 |
_2AGRIS _n0 _cANA |
||
| 999 |
_c176795 _d176795 |
||